00288nam a2200121Ia 4500008004100000041000800041082001500049100001700064245001300081260004100094300002400135365000700159240624s9999 xx 000 0 und d aeng a891.43 JOS aJOSHI SHARAD aPRATIDIN c2010aNew DelhibKitabghar Prakashan a428 : p. : cm. ; 22 cRS